000 00306nam a22001217a 4500
008 180214b xxu||||| |||| 00| 0 eng d
041 _aeng
080 _a54
100 _a12
101 _aKIM
245 _aMETHODS OF ANALYSIS ASSOCIATION OF OFFICIAL ANALYTICAL CHMISTS
_cWILLIAM.H
942 _2udc
_cBK
999 _c42539
_d42539